LEADER 00998nam0-2200325---450- 001 990009111840403321 005 20091109150221.0 010 $a978-2-296-03767-0 035 $a000911184 035 $aFED01000911184 035 $a(Aleph)000911184FED01 035 $a000911184 100 $a20091103d2007----km-y0itay50------ba 101 0 $afre 102 $aFR 105 $aa-------101yy 200 1 $a<>langues de france au 21e siècle$evitalité sociolinguistique et dynamiques culturelles$fsous la diection de Carmen Alén Garabato et Henri Boyer 210 $aParis$cL'Harmattan$dc2007 215 $a304 p.$cill.$d22 cm 610 0 $aLingua francese$aDialetti$aCongressi 676 $a447 702 1$aAlén Garabato,$bCarmen 702 1$aBoyer,$bHenri 801 0$aIT$bUNINA$gRICA$2UNIMARC 901 $aBK 912 $a990009111840403321 952 $a447 ALE 1$bDip.f.m.14331$fFLFBC 959 $aFLFBC 996 $aLangues de france au 21e siècle$9781196 997 $aUNINA LEADER 01064nam0-2200385---450- 001 990000820200203316 005 20050628111801.0 010 $a88-8065-041-6 035 $a0082020 035 $aUSA010082020 035 $a(ALEPH)000082020USA01 035 $a0082020 100 $a20011220d1995----y0itay01 ba 101 $aita 102 $aIT 105 $a00||| 200 1 $aMorte e sopravvivenza$ein dialogo con Xavier Tilliette$fGiuseppe Lorizio (ed.) 210 $aRoma$cA.V.E.$d1995 215 $a434 p.$d21 cm 225 2 $aSaggi$v32 410 0$12001$aSaggi$v32 606 $aMorte$xConcezione cristiana 676 $a236.1 702 1$aLORIZIO,$bGiuseppe 801 0$aIT$bsalbc$gISBD 912 $a990000820200203316 951 $aII.2. 3236(IV C 2599)$bLM$cIV C 959 $aBK 969 $aUMA 979 $aPATTY$b90$c20011220$lUSA01$h1616 979 $c20020403$lUSA01$h1728 979 $aPATRY$b90$c20040406$lUSA01$h1656 979 $aCOPAT5$b90$c20050628$lUSA01$h1118 996 $aMorte e sopravvivenza$9967092 997 $aUNISA LEADER 02994nam0 22005413i 450 001 CFI0031708 005 20251003044112.0 010 $a8813153066 100 $a20130827d1983 ||||0itac50 ba 101 | $aita 102 $ait 181 1$6z01$ai $bxxxe 182 1$6z01$an 183 1$6z01$anc$2RDAcarrier 200 1 $aVerso una disciplina comunitaria della legge applicabile ai contratti$econ particolare riferimento ai contratti bancari, assicurativi, di trasporto, di lavoro e con i consumatori nella convenzione di Roma del 19 giugno 1980$fa cura di Tullio Treves$gscritti introduttivi di Francesco Capotorti, Mario Giuliano$gstudi di Guido Alpa ... [et al.] 210 $aPadova$cCEDAM$d1983 215 $aXXII, 425 p.$d24 cm 225 | $aStudi e pubblicazioni della Rivista di diritto internazionale privato e processuale$v19 300 $aAtti del Convegno tenuto a Genova nel 1982 300 $aIn testa al front.: Commissione permanente per il diritto delle comunità europee del Centro nazionale di prevenzione e difesa sociale; Istituto di diritto internazionale dell'Università di Genova; Rivista di diritto internazionale privato e processuale 410 0$1001CFI0022802$12001 $aStudi e pubblicazioni della Rivista di diritto internazionale privato e processuale$v19 606 $aContratti$xDiritto comunitario$2FIR$3CFIC069468$9E 606 $aDiritto internazionale privato$2FIR$3CFIC002980$9E 676 $a340.9$9CONFLITTO DI LEGGI$v21 676 $a340.922$9$v21 676 $a341.753$9DIRITTO INTERNAZIONALE DELL'ECONOMIA. ORGANIZZAZIONE E GESTIONE DEGLI AFFARI$v20 676 $a346.4022$9DIRITTO PRIVATO. CONSIDERAZIONI GENERALI DEI CONTRATTI. EUROPA$v23 696 $aDiritto dell'UE$aDiritto delle Comunità europee$aDiritto dell'Unione europea$aDiritto europeo 696 $aConflitti di legge$aDiritto privato internazionale$aConflitto di leggi 699 $aDiritto comunitario$yDiritto dell'UE 699 $aDiritto comunitario$yDiritto delle Comunità europee 699 $aDiritto comunitario$yDiritto dell'Unione europea 699 $aDiritto comunitario$yDiritto europeo 699 $aDiritto internazionale privato$zConflitti di legge 699 $aDiritto internazionale privato$yDiritto privato internazionale 699 $aDiritto internazionale privato$zConflitto di leggi 702 1$aAlpa$b, Guido$3CFIV004102$4070 702 1$aTreves$b, Tullio$3CFIV018199$4340 702 1$aGiuliano$b, Mario$3CFIV024887$4070 790 1$aAlpa$b, G.$3CFIV360642$zAlpa, Guido 801 3$aIT$bIT-000000$c20130827 850 $aIT-BN0095 901 $bNAP 01$cD $n$ 912 $aCFI0031708 950 0$aBiblioteca Centralizzata di Ateneo$c1 v.$d 01D (AR) 2 540$e 01AR 0070025405 VMA A4 1 v.$fY $h20220927$i20220927 977 $a 01 996 $aVerso una disciplina comunitaria della legge applicabile ai contratti$9689686 997 $aUNISANNIO